Score 0/12 Timer 03:00
0 Plays Today
Name % Correct
Boomer
88.5%
Caprica-Six
84.4%
Saul Tigh
77.5%
Galen Tyrol
73.3%
Ellen Tigh
66.4%
Samuel Anders
66%
John Cavil
59.2%
Leoben Conoy
56.5%
D'Anna Biers
53.7%
Tory Foster
50.2%
Simon
44.4%
Aaron Doral
36.7%
Remove Ads.
Support Sporcle.
Get the best of Sporcle when you Go Orange. This ad-free experience offers more features, more stats, and more fun while also helping to support Sporcle. Thank you for becoming a member.

You're not logged in!

Compare scores with friends on all Sporcle quizzes.
OR
Log In

Show Comments

Extras

Top Quizzes Today


Score Distribution

Your Account Isn't Verified!

In order to create a playlist on Sporcle, you need to verify the email address you used during registration. Go to your Sporcle Settings to finish the process.

Report this User

Report this user for behavior that violates our Community Guidelines.

Details: